الجوانب القانونية للوصاية على المصارف العراقية الخاصة : (رقم التسجيلة. 48662)

تفاصيل مارك
000 -LEADER
fixed length control field 01890cam a2200277 a 4500
003 - CONTROL NUMBER IDENTIFIER
control field EG-GiCUC
005 - DATE AND TIME OF LATEST TRANSACTION
control field 20250223031118.0
008 - FIXED-LENGTH DATA ELEMENTS--GENERAL INFORMATION
fixed length control field 141208s2013 ua f m 000 0 ara d
040 ## - CATALOGING SOURCE
Original cataloging agency EG-GiCUC
Language of cataloging ara
Transcribing agency EG-GiCUC
041 0# - LANGUAGE CODE
Language code of text/sound track or separate title ara
049 ## - LOCAL HOLDINGS (OCLC)
Holding library اهداء
097 ## - Thesis Degree
Thesis Level دكتوراه
099 ## - LOCAL FREE-TEXT CALL NUMBER (OCLC)
Classification number Cai01.34.Ph.D.2013.ئا.ج
100 0# - MAIN ENTRY--PERSONAL NAME
Personal name ئالان بهاء الدين عبدالله
245 12 - TITLE STATEMENT
Title الجوانب القانونية للوصاية على المصارف العراقية الخاصة :
Remainder of title دراسة مقارنة /
Statement of responsibility, etc. ئالان بهاء الدين عبدالله ؛ إشراف ناصر خليل جلال
246 15 - VARYING FORM OF TITLE
Title proper/short title Legal aspects of conservatorship on Iraqi private banks :
Remainder of title Comparative study
260 ## - PUBLICATION, DISTRIBUTION, ETC.
Place of publication, distribution, etc. العراق :
Name of publisher, distributor, etc. ئالان بهاء الدين عبدالله :
Date of publication, distribution, etc. 2013
300 ## - PHYSICAL DESCRIPTION
Extent 291 ورقة ؛
Dimensions 30سم
502 ## - DISSERTATION NOTE
Dissertation note اطروحة (دكتوراه) - جامعة صلاح الدين - اربيل - وزارة التعليم العالي و البحث العلمي - قسم القانون الخاص
520 ## - SUMMARY, ETC.
Summary, etc. تعد الوصاية في مجال المصارف من الموضوعات التي ظهرت نتيجة عجز نظامي الإفلاس و التصفية الجبرية في بعض الحالات عن حماية حقوق دائني المصارف و أثرهما السلبي على الإقتصاد الوطني : كونهما يؤديان الى إنهاء الوجود القانوني للمصارف في الوقت الذي من المفترض الإبقاء عليه نظرآ لتشعب العلاقات المرتبطة بالمصارف و دور هذه الأخيرة في عملية التنمية الإقتصادية داخل الدولة
700 0# - ADDED ENTRY--PERSONAL NAME
Personal name ناصر خليل جلال :
Relator term
856 ## - ELECTRONIC LOCATION AND ACCESS
Uniform Resource Identifier <a href="http://172.23.153.220/th.pdf">http://172.23.153.220/th.pdf</a>
905 ## - LOCAL DATA ELEMENT E, LDE (RLIN)
Cataloger Enas
Reviser Cataloger
905 ## - LOCAL DATA ELEMENT E, LDE (RLIN)
Cataloger Nazla
Reviser Revisor
942 ## - ADDED ENTRY ELEMENTS (KOHA)
Source of classification or shelving scheme Dewey Decimal Classification
Koha item type Thesis
المقتنيات
Source of classification or shelving scheme Not for loan Home library Current library Date acquired Full call number Barcode Date last seen Koha item type
Dewey Decimal Classification   المكتبة المركزبة الجديدة - جامعة القاهرة قاعة الرسائل الجامعية - الدور الاول 11.02.2024 Cai01.34.Ph.D.2013.ئا.ج 01010100019679000 22.09.2023 Thesis
Cairo University Libraries Portal Implemented & Customized by: Eng. M. Mohamady Contacts: new-lib@cl.cu.edu.eg | cnul@cl.cu.edu.eg
CUCL logo CNUL logo
© All rights reserved — Cairo University Libraries
CUCL logo
Implemented & Customized by: Eng. M. Mohamady Contact: new-lib@cl.cu.edu.eg © All rights reserved — New Central Library
CNUL logo
Implemented & Customized by: Eng. M. Mohamady Contact: cnul@cl.cu.edu.eg © All rights reserved — Cairo National University Library